[Event "65th ch-RUS HL"]
[Site "Tyumen RUS"]
[Date "2012.06.23"]
[Round "7"]
[White "Matlakov,M"]
[Black "Khairullin,I"]
[Result "1/2-1/2"]
[WhiteElo "2668"]
[BlackElo "2631"]

1.c4 e5 2.g3 Nf6 3.Bg2 Bc5 4.Nc3 c6 5.e4 O-O 6.Nge2 d6 7.O-O Be6 8.b3 d5
9.exd5 cxd5 10.d4 Bxd4 11.Nxd4 exd4 12.Qxd4 Nc6 13.Qh4 dxc4 14.bxc4 Ng4 15.Qxd8 Rfxd8
16.Nd5 Rd7 17.Bf4 Nge5 18.Rfb1 Rad8 19.h4 f6 20.a3 Kf7 21.Be4 h6 22.h5 Bg4
23.Bxe5 Nxe5 24.Nf4 Bf3 25.Bd5+ Bxd5 26.cxd5 g5 27.hxg6+ Nxg6 28.Nxg6 Kxg6
29.Rb5 a6 30.Rb6 Rxd5 31.Rxb7 Rd1+ 32.Rxd1 Rxd1+ 33.Kg2 Rd3 34.a4 Rd4 35.a5 Rd5
36.g4 Rxa5 37.Kg3 h5 38.f4 hxg4 39.Kxg4 Rb5 40.Ra7 a5 41.Ra6 Rc5 42.Rb6 a4
43.Ra6 Rc4 44.Ra5 Rb4 45.Ra6 Kf7 46.Kf5 Rb5+ 47.Ke4 Rb4+ 48.Kf5 Rb5+  1/2-1/2

[Event "Stockholm Master Open 2012"]
[Site "Stockholm SWE"]
[Date "2012.06.28"]
[Round "1.6"]
[White "Aroven,M"]
[Black "Furhoff,J"]
[Result "1-0"]
[WhiteElo "2138"]
[BlackElo "2358"]

1.c4 e5 2.g3 Nc6 3.Bg2 f5 4.Nc3 Nf6 5.d3 Bb4 6.Bd2 d6 7.Nf3 O-O 8.O-O Bxc3
9.Bxc3 Qe8 10.e3 Qh5 11.d4 e4 12.d5 Ng4 13.h3 exf3 14.Qxf3 Ne7 15.hxg4 fxg4
16.Qe2 Ng6 17.Rac1 Bd7 18.c5 a6 19.c6 bxc6 20.dxc6 Be6 21.b3 Rf7 22.Bd4 a5
23.Qb2 Raf8 24.e4 Qg5 25.e5 dxe5 26.Be3 Qf5 27.Rc5 Ra8 28.Qd2 a4 29.bxa4 Rxa4
30.Qd8+ Nf8 31.Bf4 Rxf4 32.gxf4 Qxf4 33.Qd3 Bxa2 34.Qe3 Ne6 35.Ra1 Qb4 36.Rxa2 Qb1+
37.Kh2 Qxa2 38.Bd5 Qa4 39.Rc4 Qb5 40.Qe4 Nf4 41.Bxf7+ Kxf7 42.Qf5+ Ke7 43.Rxf4  1-0

[Event "Stockholm Master Open 2012"]
[Site "Stockholm SWE"]
[Date "2012.06.29"]
[Round "3.7"]
[White "Karlsson,L"]
[Black "Adler,B"]
[Result "1/2-1/2"]
[WhiteElo "2431"]
[BlackElo "2137"]

1.g3 e5 2.c4 Nc6 3.Bg2 f5 4.Nc3 Nf6 5.a3 a5 6.e3 Be7 7.Nge2 O-O 8.d3 Qe8
9.Nd5 Bd8 10.Bd2 Ne7 11.Nxf6+ Rxf6 12.Bc3 d6 13.b4 c6 14.Qd2 axb4 15.axb4 Rxa1+
16.Bxa1 Bc7 17.f4 Qh5 18.c5 Re6 19.cxd6 Bxd6 20.O-O g5 21.Qa2 gxf4 22.gxf4 exf4
23.Nxf4 Bxf4 24.exf4 Kf8 25.Qf2 Rg6 26.Qf3 Qxf3 27.Rxf3 Be6 28.Rg3 Nd5 29.Be5 Ke7
30.Rh3 Bg8 31.b5 cxb5 32.Kf2 Ke6 33.Bf3 Nf6 34.Bxb7 Ng4+ 35.Ke2 Nxe5 36.Re3 Kd7
37.Rxe5 Rb6 38.Bc8+ Kxc8 39.Re8+ Kd7 40.Rxg8 Rh6 41.Ke3 Rxh2 42.Kd4 Rh3 43.Rb8 Rf3
44.Ke5 Rxd3 45.Rxb5 Ke7 46.Kxf5 Rd7 47.Rb2 Rd5+ 48.Ke4 Rd7 49.Ke5 Kf7 50.Rh2 Re7+
51.Kd6 Re4 52.Rxh7+ Kf6 53.Rh4 Kf5 54.Kd5 Rxf4 55.Rxf4+ Kxf4  1/2-1/2

[Event "Stockholm Master Open 2012"]
[Site "Stockholm SWE"]
[Date "2012.06.30"]
[Round "4.1"]
[White "Ornstein,A"]
[Black "Sagit,R"]
[Result "0-1"]
[WhiteElo "2392"]
[BlackElo "2367"]

1.c4 e5 2.g3 Nf6 3.Bg2 d5 4.cxd5 Nxd5 5.Nf3 Nc6 6.O-O Nb6 7.d3 Be7 8.a3 O-O
9.Nbd2 Be6 10.b4 f6 11.Bb2 a5 12.b5 Na7 13.a4 c6 14.d4 cxb5 15.axb5 Nxb5
16.dxe5 a4 17.exf6 gxf6 18.e3 a3 19.Nd4 Nxd4 20.Bxd4 Nd5 21.Qb1 Qd7 22.Ne4 Rac8
23.Rd1 Qc6 24.Bxf6 Bxf6 25.Rxa3 Be7 26.Rad3 Rcd8 27.Qb2 Qb6 28.Qe5 Nxe3 29.Rxd8 Rxd8
30.Rxd8+ Bxd8 31.fxe3 Qxe3+  0-1

[Event "40th TCh-GRE 2012"]
[Site "Achaea GRE"]
[Date "2012.07.01"]
[Round "3.12"]
[White "Erdos,V"]
[Black "Istratescu,A"]
[Result "1/2-1/2"]
[WhiteElo "2624"]
[BlackElo "2636"]

1.c4 e5 2.g3 Nf6 3.Bg2 d5 4.cxd5 Nxd5 5.Nc3 Ne7 6.Nf3 Nbc6 7.b4 a6 8.Bb2 Nf5
9.O-O Nfd4 10.Nxd4 exd4 11.Nd5 Be6 12.Nf4 Bd7 13.Nd3 Bd6 14.Rc1 O-O 15.a3 Re8
16.Re1 Bf5 17.Nc5 Bxc5 18.Rxc5 Be4 19.f3 Bg6 20.Qa1 f6 21.e4 dxe3 22.dxe3 Qe7
23.Qc1 Rad8 24.e4 Rd7 25.f4 Red8 26.Rd5 Bf7 27.Bf3 Be6 28.Rxd7 Rxd7 29.Rd1 Rxd1+
30.Bxd1 Qd7 31.Kf2 h6 32.Be2 Bg4  1/2-1/2

[Event "e2e4 Buxton Open"]
[Site "Buxton ENG"]
[Date "2012.07.01"]
[Round "5"]
[White "Fernandez,Dan SIN"]
[Black "Brown,Mart"]
[Result "1-0"]
[WhiteElo "2349"]
[BlackElo "2183"]

1.c4 e5 2.g3 Nf6 3.Bg2 d5 4.cxd5 Nxd5 5.d3 Be7 6.Nf3 Nc6 7.a3 O-O 8.Nbd2 a5
9.O-O Be6 10.Nc4 f6 11.Qb3 e4 12.Qxb7 Qd7 13.dxe4 Rfb8 14.Qxa8 Rxa8 15.Rd1 Bc5
16.exd5 Bf7 17.Be3 Qe7 18.Bxc5 Qxc5 19.Rac1 Qb5 20.Nd6 cxd6 21.dxc6 Qxb2
22.c7 Bb3 23.Nd4 Bxd1 24.Bd5+ Kf8 25.c8=Q+ Rxc8 26.Rxc8+ Ke7 27.Rc7+ Ke8
28.Bf7+  1-0

[Event "HSC/De Legibus Open"]
[Site "Helmond NED"]
[Date "2012.07.01"]
[Round "6.3"]
[White "Swinkels,R"]
[Black "Jonkman,H"]
[Result "1-0"]
[WhiteElo "2485"]
[BlackElo "2417"]

1.c4 e5 2.g3 f5 3.d4 exd4 4.Nf3 Bb4+ 5.Nbd2 c5 6.a3 Bxd2+ 7.Bxd2 Nf6 8.e3 O-O
9.exd4 Re8+ 10.Be2 d6 11.O-O Nc6 12.Re1 Ne4 13.d5 Ne5 14.Nxe5 dxe5 15.Bc1 f4
16.Bh5 Ng5 17.Bxe8 Qxe8 18.Bxf4 Nh3+ 19.Kf1 e4 20.Qf3 Qg6 21.Rxe4 Bg4 22.Qe3 Rf8
23.Re1 Bh5 24.d6 h6 25.d7 Qc6 26.Qd3 Nxf4 27.gxf4 Rd8 28.Re8+ Bxe8 29.Rxe8+ Rxe8
30.Qd5+ Kf8 31.Qxc6 bxc6 32.dxe8=Q+ Kxe8 33.Ke2 Ke7 34.Ke3 Ke6 35.Ke4 g6
36.Ke3 a5 37.a4 Kf5 38.Kf3 Ke6 39.Kg4 Kf6 40.h4 h5+ 41.Kg3 Ke6 42.Kf3 Kf5
43.b3 Kf6 44.Ke4 Ke6 45.f5+ gxf5+ 46.Kf4 Kf6 47.f3 Ke6 48.Kg5 Ke5 49.Kxh5 Kf4
50.Kg6 Kxf3 51.Kxf5 Ke3 52.h5 Kd3 53.h6 Kc3 54.h7 Kxb3 55.h8=Q Kxc4 56.Qb2 Kd3
57.Ke5 c4 58.Kd6 c3 59.Qc1 Kc4 60.Kxc6 Kb4 61.Kb6 Kxa4 62.Qc2+ Kb4 63.Qb1+ Kc4
64.Kxa5 Kc5 65.Qb3 Kd4 66.Kb4 Kd3 67.Qxc3+ Ke4 68.Kc5 Kf5 69.Kd5 Kf4 70.Qe5+ Kf3
71.Qe4+ Kg3 72.Qf5 Kg2 73.Ke4 Kg3 74.Qf4+ Kg2 75.Qf3+ Kg1 76.Qe2 Kh1 77.Kf3 Kg1
78.Qg2+  1-0

[Event "HSC/De Legibus Open"]
[Site "Helmond NED"]
[Date "2012.07.01"]
[Round "8.3"]
[White "Swinkels,R"]
[Black "Sprenger,J"]
[Result "0-1"]
[WhiteElo "2485"]
[BlackElo "2498"]

1.c4 e5 2.g3 Nf6 3.Bg2 Nc6 4.Nc3 Bb4 5.Nd5 Bc5 6.Nf3 e4 7.Ng5 Nxd5 8.Nxe4 Bxf2+
9.Nxf2 Nde7 10.b3 O-O 11.Bb2 d5 12.cxd5 Nxd5 13.O-O Nde7 14.Rc1 a5 15.Ne4 f6
16.Qc2 Qe8 17.Qc4+ Qf7 18.Rxf6 gxf6 19.Nxf6+ Kg7 20.Qh4 Qxf6 21.Qg5+ Ng6
22.Bxf6+ Rxf6 23.d4 Rf7 24.d5 Ne5 25.h4 Bg4 26.Be4 h5 27.Rf1 Raf8 28.Rf4 Rxf4
29.gxf4 Rxf4 30.Bxg6 Nxg6 31.Qd8 Rf7 32.e3 Bf3 33.a3 Be4 34.b4 axb4 35.axb4 b5
36.d6 cxd6 37.Qxd6 Kh7 38.Qd4 Re7 39.Qc5 Re5 40.Qc7+ Kh6 41.Qb6 Bd3 42.Qf6 Rf5
43.Qd6 Bc4 44.Qb6 Re5 45.Kf2 Re4 46.Qc6 Rxh4 47.e4 Rf4+ 48.Ke3 Rf1 49.Kd4 h4
50.Qc8 Rf3 51.Qg4 Rd3+ 52.Kc5 Rg3 53.Qd1 h3 54.e5 Rg5 55.Kb6 Rxe5 56.Qd2+ Kh5
57.Qh2 Re3 58.Ka5 Rf3 59.Qd6 Nf4 60.Qe5+ Kh4 61.Qf6+ Kg3 62.Qg5+ Kf2 63.Qh4+ Kf1
64.Qh6 Be2 65.Qh8 Kg2 66.Qg7+ Rg3 67.Qf6 h2 68.Qc6+ Rf3 69.Qe4 h1=Q 70.Qe5  0-1

[Event "40th TCh-GRE 2012"]
[Site "Achaea GRE"]
[Date "2012.07.02"]
[Round "4.3"]
[White "Papadogiannis,S"]
[Black "Skoulakis,C"]
[Result "1/2-1/2"]
[WhiteElo "2031"]
[BlackElo "2079"]

1.c4 e5 2.g3 Nc6 3.Bg2 f5 4.e3 Nf6 5.Ne2 Be7 6.Nbc3 O-O 7.d3 d6 8.O-O Qe8
9.Bd2 Qh5 10.Nd5 Nxd5 11.cxd5 Nd8 12.Rc1 c6 13.d4 e4 14.Nc3 Qf7 15.f3 cxd5
16.fxe4 dxe4 17.Bxe4 Qg6 18.Nd5 Bg5 19.Bg2 Nc6 20.b4 Kh8 21.b5 Ne7 22.Nc7 Rb8
23.Qa4 a6 24.Qa3 axb5 25.Nxb5 Bd7 26.Nc7 Nc6 27.Rf2 Rbc8 28.Nd5 Ra8 29.Qb3 Ra7
30.Rcf1 Be6 31.Qb1 Qf7 32.Nc3 Bxa2 33.Rxf5 Bf6 34.Qd1 Bc4 35.R1f2 Ne7 36.R5f3 d5
37.e4 dxe4 38.Nxe4 Bd5 39.Rf4 Ng6 40.Rf5 Bxe4 41.Bxe4 Qe7 42.Qf3 Bxd4 43.Rxf8+ Qxf8
44.Be3 Qxf3 45.Rxf3 Bxe3+ 46.Rxe3 b6 47.Rb3 Ra6 48.Bd3 Ra1+ 49.Kg2 Ne5 50.Rxb6  1/2-1/2

[Event "Int Open ch-SVK 2012"]
[Site "Banska Stiavnica SVK"]
[Date "2012.07.07"]
[Round "1.22"]
[White "Talla,V"]
[Black "Balogh,Pe2"]
[Result "1-0"]
[WhiteElo "2388"]
[BlackElo "2042"]

1.c4 e5 2.g3 d5 3.cxd5 Qxd5 4.Nf3 Nc6 5.Nc3 Qe6 6.Bg2 f6 7.d4 exd4 8.Nxd4 Nxd4
9.Qxd4 Bd6 10.O-O Ne7 11.Bf4 Bxf4 12.Qxf4 c6 13.b4 O-O 14.b5 Qe5 15.Qxe5 fxe5
16.bxc6 Nxc6 17.Rab1 Nd4 18.Bd5+ Kh8 19.Kg2 Rb8 20.Rfd1 b6 21.e3 Ne6 22.Nb5 a6
23.Nd6 Nc5 24.Nf7+ Rxf7 25.Bxf7 Bb7+ 26.Bd5 h6 27.Bxb7 Rxb7 28.Rd5 Ne4 29.Rxe5 Nc3
30.Rb3 Nxa2 31.Re6  1-0

[Event "34th Oberwart Open A"]
[Site "Oberwart AUT"]
[Date "2012.07.07"]
[Round "1.4"]
[White "Gstach,Jakob"]
[Black "Jovanic,O"]
[Result "0-1"]
[WhiteElo "2087"]
[BlackElo "2505"]

1.c4 e5 2.g3 d6 3.Bg2 f5 4.d3 Nf6 5.Nc3 Be7 6.e4 fxe4 7.dxe4 c6 8.Nge2 Be6
9.b3 a6 10.Ba3 b5 11.Qd3 O-O 12.Rd1 c5 13.cxb5 axb5 14.Nxb5 Nc6 15.O-O Qb6
16.Nec3 Rfb8 17.Rd2 Ra5 18.Rc1 Rxb5 19.Qxb5 Qxb5 20.Nxb5 Rxb5 21.Bb2 Ra5
22.Bc3 Ra3 23.Bf1 Ne8 24.Bg2 Nf6 25.Rb2 Kf8 26.b4 Bd8 27.Kf1 Bb6 28.Ke2 Ng4
29.Ke1 Bc4 30.Kd1 Ne3+ 31.Kd2 Rxa2  0-1

[Event "34th Oberwart Open A"]
[Site "Oberwart AUT"]
[Date "2012.07.07"]
[Round "1.3"]
[White "Stanec,N"]
[Black "Odor,I"]
[Result "1-0"]
[WhiteElo "2527"]
[BlackElo "2103"]

1.c4 e5 2.g3 Nf6 3.Bg2 Nc6 4.Nc3 d6 5.Nf3 g6 6.d4 exd4 7.Nxd4 Ne5 8.b3 Bg7
9.Bb2 O-O 10.O-O Re8 11.Qd2 a6 12.Rfd1 Qe7 13.Rac1 Nfg4 14.Nd5 Qd8 15.h3 Nf6
16.Bc3 Nxd5 17.cxd5 b6 18.Ba1 Bb7 19.e4 Nd7 20.Re1 Rc8 21.Rcd1 Nf6 22.f4 h5
23.Qc2 Nh7 24.Kh2 g5 25.e5 gxf4 26.gxf4 Qh4 27.Rf1 dxe5 28.Nf5 Qd8 29.Nxg7 Kxg7
30.fxe5 Qh4 31.Rxf7+  1-0

[Event "4th Rethymno Open"]
[Site "Rethymno GRE"]
[Date "2012.07.07"]
[Round "1.3"]
[White "Postny,E"]
[Black "Patrinos,I"]
[Result "1-0"]
[WhiteElo "2653"]
[BlackElo "1666"]

1.c4 e5 2.g3 Nf6 3.Bg2 d5 4.cxd5 Nxd5 5.Nc3 Nxc3 6.bxc3 c6 7.Nf3 Nd7 8.O-O e4
9.Nd4 Nf6 10.Qc2 Bc5 11.Bxe4 Bxd4 12.cxd4 Nxe4 13.Qxe4+ Be6 14.Ba3 Qd5 15.Qf4 Rd8
16.Rfb1 b6 17.Bb2 O-O 18.e4 Qh5 19.d3 f6 20.Rc1 Qb5 21.Qd2 Rc8 22.f4 Rfd8
23.f5 Bf7 24.a4 Qa6 25.g4 h6 26.Qe3 Bb3 27.h4 Bxa4 28.g5 fxg5 29.hxg5 hxg5
30.Qxg5 Qb5 31.Bc3 Rd7 32.Qg3 Rf8 33.Rcb1 Qa6 34.Rb2 b5 35.Kh1 Rf6 36.Rh2 Qb6
37.Rg1 b4 38.Qh4 Kf7 39.Rxg7+ Kxg7 40.Qh8+  1-0

[Event "9th South Wales Int"]
[Site "Penarth WLS"]
[Date "2012.07.08"]
[Round "3.25"]
[White "Thompson,Robert"]
[Black "Jones,J"]
[Result "1-0"]
[WhiteElo "1985"]
[BlackElo "1601"]

1.c4 e5 2.g3 Nf6 3.Bg2 Nc6 4.Nc3 Be7 5.Nf3 d6 6.O-O O-O 7.d3 Be6 8.Ne1 d5
9.b3 d4 10.Ne4 Nxe4 11.Bxe4 f5 12.Bg2 Qd7 13.a3 a5 14.Nc2 Rab8 15.Rb1 b5
16.Bd2 bxc4 17.bxc4 Rxb1 18.Qxb1 Rb8 19.Bxc6 Rxb1 20.Bxd7 Rxf1+ 21.Kxf1 Bxd7
22.Bxa5 c5 23.e3 Ba4 24.Ne1 Bd1 25.Bc7 e4 26.Bb6 dxe3 27.fxe3 exd3 28.Nxd3 Bb3
29.Nxc5 Bxc5 30.Bxc5 Bxc4+ 31.Kf2 Bb3 32.Kf3 Kf7 33.Kf4 Kf6 34.Bd4+ Kg6 35.h3 Kf7
36.Kxf5 Be6+ 37.Ke5 Bxh3 38.Kd6 Bg2 39.a4 h5 40.a5 g5 41.Ke5 Kg6 42.e4 Bf1
43.Bf2 Ba6 44.Kd6 Kf7 45.e5 Bc4 46.Kd7 Be6+ 47.Kc7 Bc4 48.Kd6 g4 49.Be3 Ba6
50.e6+ Ke8 51.e7 h4 52.gxh4 g3 53.h5 Bd3 54.h6 g2 55.Bg1  1-0

[Event "Int Open ch-SVK 2012"]
[Site "Banska Stiavnica SVK"]
[Date "2012.07.09"]
[Round "3.6"]
[White "Talla,V"]
[Black "Varga,Zo"]
[Result "0-1"]
[WhiteElo "2388"]
[BlackElo "2477"]

1.c4 e5 2.g3 Nf6 3.Bg2 h6 4.Nc3 Bb4 5.Nf3 e4 6.Nd4 Bxc3 7.bxc3 c5 8.Nc2 Nc6
9.O-O O-O 10.Ne3 d6 11.f3 exf3 12.Rxf3 Ne5 13.Rf1 Re8 14.d3 Rb8 15.Bd2 Neg4
16.Nxg4 Nxg4 17.Bd5 Nf6 18.Bg2 Bg4 19.Rf2 Qe7 20.Qc2 Be6 21.e4 Ng4 22.Rff1 b6
23.a4 Qd7 24.Rfb1 f5 25.Re1 Kh8 26.a5 bxa5 27.Rxa5 fxe4 28.Bxe4 Bf5 29.Bxf5 Rxe1+
30.Bxe1 Qxf5 31.Rxa7 Re8 32.Bf2 Qh5 33.h4 Rf8 34.Be1 Ne3  0-1

[Event "Werner-Ott-Open 2012"]
[Site "Berlin GER"]
[Date "2012.07.09"]
[Round "3.2"]
[White "Kohler,T"]
[Black "Rabiega,R"]
[Result "1/2-1/2"]
[WhiteElo "2244"]
[BlackElo "2500"]

1.c4 e5 2.g3 Nf6 3.Bg2 d5 4.cxd5 Nxd5 5.Nc3 Nb6 6.Nf3 Nc6 7.O-O Be7 8.a3 O-O
9.b4 Re8 10.d3 Bf8 11.Bb2 a5 12.b5 Nd4 13.Nd2 c6 14.bxc6 Nxc6 15.Rc1 a4 16.Nce4 Be6
17.Nc5 Bxc5 18.Rxc5 Bd5 19.Rb5 Bxg2 20.Kxg2 Re7 21.Nf3 f6 22.Qb1 Nc8 23.Rc1 Nd6
24.Rd5 Rd7 25.Nd2 h5 26.Rdc5 h4 27.Qa2+ Kf8 28.Nf3 hxg3 29.hxg3 Ke7 30.Nh4 Qe8
31.Nf3 Qf7 32.Qxf7+ Kxf7 33.Rh1 Ra6 34.Rc2 Nf5 35.g4 Nfe7 36.g5 Nd5 37.gxf6 gxf6
38.Rh7+ Ke6 39.Rxd7 Kxd7 40.Kf1 Nf4 41.Bc1 Ne6 42.Rb2 Na5 43.Be3 Nb3 44.Nd2 Nxd2+
45.Rxd2 b5 46.Rb2 Nc7 47.Ke1 f5 48.f3 Kc6 49.Rc2+ Kb7 50.Rb2 Rc6 51.Kd2 Ka6
52.Rc2 Kb7 53.Rb2 Ka6 54.Rc2 Rxc2+ 55.Kxc2 Nd5 56.Bc5 b4 57.axb4 Kb5 58.Bd6 Nxb4+
59.Kb2 Nc6 60.e3 Nb4 61.Kc3 Nc6 62.f4 exf4 63.Bxf4 Nd8 64.Bd6 Ne6 65.Ba3 Nd8
66.Kd4 Nc6+ 67.Kc3 Ne5 68.Bd6 Nc6  1/2-1/2

[Event "34th Oberwart Open A"]
[Site "Oberwart AUT"]
[Date "2012.07.09"]
[Round "3.18"]
[White "Gstach,Jakob"]
[Black "Reinwald,P"]
[Result "1-0"]
[WhiteElo "2087"]
[BlackElo "2198"]

1.c4 e5 2.g3 Nf6 3.Bg2 d5 4.cxd5 Nxd5 5.Nc3 Nb6 6.Nf3 Nc6 7.O-O Be7 8.a3 O-O
9.b4 Be6 10.Rb1 f6 11.d3 Nd4 12.Nd2 c6 13.Nde4 Qd7 14.Bd2 Nd5 15.Nc5 Bxc5
16.bxc5 Nxc3 17.Bxc3 Nb5 18.Qc1 Bd5 19.Bxd5+ cxd5 20.a4 Nxc3 21.Qxc3 Rf7
22.Rb5 Rc8 23.Qb4 d4 24.Rb1 Rc7 25.Qa5 a6 26.Rb6 Qc8 27.Rc1 Rfd7 28.c6 Rxc6
29.Rcxc6 bxc6 30.Rxa6 Qc7 31.Qc5 Qd6 32.Rxc6 Qxc5 33.Rxc5 Ra7 34.Rc4 Kf7
35.Kf1 Ke6 36.Ke1 Kd5 37.Kd2 e4 38.Rb4 Kc5 39.Rb5+ Kc6 40.dxe4 Rxa4 41.Rd5 h5
42.Rxh5  1-0

[Event "ch-NOR 2012"]
[Site "Sandefjord NOR"]
[Date "2012.07.09"]
[Round "4.10"]
[White "Forsaa,E"]
[Black "Tjomsland,S"]
[Result "1-0"]
[WhiteElo "2307"]
[BlackElo "2375"]

1.c4 e5 2.g3 Nf6 3.Bg2 d5 4.cxd5 Nxd5 5.Nc3 Nb6 6.Nf3 Nc6 7.O-O Be7 8.a3 O-O
9.b4 Be6 10.Rb1 f6 11.d3 Nd4 12.Nd2 c6 13.Nce4 Bd5 14.Bb2 f5 15.Bxd4 exd4
16.Nc5 Bxc5 17.bxc5 Bxg2 18.Kxg2 Qd5+ 19.Nf3 Qxc5 20.Qb3+ Kh8 21.Rfc1 Qe7
22.Nxd4 c5 23.Qe6 Qc7 24.Nb5 Qd8 25.Nd6 Qc7 26.Nb5 Qd8 27.Rxc5 Rf6 28.Qe3 f4
29.Qe4 Qf8 30.Rh5 g6 31.Re5 fxg3 32.fxg3 Rf7 33.Re6 Rd8 34.Nd6 Rf2+ 35.Kg1 Rf6
36.Qe5 Nd7 37.Rxf6 Nxe5 38.Rxf8+ Rxf8 39.Rxb7 Nc6 40.e3 Ne5 41.d4 Nf3+ 42.Kg2 Ne1+
43.Kh3 Rf2 44.Ne4 Rf5 45.d5 Nc2 46.g4 Rf8 47.g5 Rf3+ 48.Kg2 Ne1+ 49.Kg1 Rf5
50.d6 Nf3+ 51.Kg2 Ne1+ 52.Kg3 h5 53.gxh6 Rf3+ 54.Kg4  1-0

[Event "86th ch-ARG 2012"]
[Site "La Plata ARG"]
[Date "2012.07.10"]
[Round "9.25"]
[White "Martyniuk,C"]
[Black "Ennis Marcos,Alan"]
[Result "1/2-1/2"]
[WhiteElo "1955"]
[BlackElo "1623"]

1.c4 e5 2.g3 Nf6 3.Bg2 d5 4.cxd5 Nxd5 5.d3 Be7 6.Nf3 Nc6 7.O-O O-O 8.Nbd2 Be6
9.a3 a5 10.Nc4 f6 11.e4 Nb6 12.Nxb6 cxb6 13.Be3 Bc5 14.Rc1 Qe7 15.Qa4 Rfd8
16.Qb5 a4 17.Bxc5 bxc5 18.Qxc5 Qxc5 19.Rxc5 Rxd3 20.Rb5 Rb3 21.Rxb3 Bxb3
22.Rc1 Rd8 23.Kf1 Na5 24.Bh3 Kf8 25.Ke2 Nc4 26.Be6 Nxb2 27.Bxb3 axb3 28.Rb1 Nd3
29.Nd2 b2 30.Nc4 Nc1+ 31.Ke1 Nd3+ 32.Kd2 Nc1+ 33.Ke1 Rd4 34.Nxb2 Nd3+ 35.Nxd3 Rxd3
36.Rxb7 Rxa3  1/2-1/2

[Event "4th Rethymno Open"]
[Site "Rethymno GRE"]
[Date "2012.07.10"]
[Round "5.7"]
[White "Skembris,S"]
[Black "Salgado Lopez,I"]
[Result "1/2-1/2"]
[WhiteElo "2460"]
[BlackElo "2635"]

1.c4 e5 2.g3 Nc6 3.Bg2 Bc5 4.e3 Nge7 5.Nc3 a6 6.Nge2 d6 7.d4 Ba7 8.b3 h5
9.h3 h4 10.g4 f5 11.dxe5 Nxe5 12.f4 N5c6 13.g5 Be6 14.Nd5 Bf7 15.Bb2 Rg8
16.Qd2 Qd7 17.Nxe7 Qxe7 18.Nd4 Bxd4 19.Bxd4  1/2-1/2

[Event "7th Wroclaw Open A"]
[Site "Wroclaw POL"]
[Date "2012.07.10"]
[Round "9.23"]
[White "Castellano,A"]
[Black "Szymczak,P"]
[Result "1-0"]
[WhiteElo "1977"]
[BlackElo "1635"]

1.c4 e5 2.g3 Nf6 3.Bg2 c6 4.d4 e4 5.d5 cxd5 6.cxd5 Qa5+ 7.Nc3 Bb4 8.Bd2 O-O
9.a3 Bxc3 10.Bxc3 Qxd5 11.Bxf6 Qxd1+ 12.Rxd1 gxf6 13.Bxe4 Re8 14.f3 Nc6 15.g4 b5
16.Nh3 a5 17.Nf4 Rb8 18.Nh5 Re6 19.Bf5 Ne5 20.Bxe6 fxe6 21.Nxf6+ Kg7 22.Ne8+ Kf8
23.Nd6 Ba6 24.b4 Ke7 25.O-O Nc4 26.Nxc4 bxc4 27.Rb1 a4 28.Kf2 d5 29.Rfd1 Bb5
30.e4 Rd8 31.Rd4 Kd6 32.exd5 exd5 33.Rxd5+ Kxd5 34.Rd1+ Ke5 35.Rxd8 c3 36.Ke3  1-0

[Event "St. Pauli Open 2012"]
[Site "Hamburg GER"]
[Date "2012.07.11"]
[Round "5.15"]
[White "Wenzel,B"]
[Black "Putzbach,G"]
[Result "1/2-1/2"]
[WhiteElo "2068"]
[BlackElo "2228"]

1.c4 e5 2.g3 Nf6 3.Bg2 d5 4.cxd5 Nxd5 5.Nc3 Nb6 6.Nf3 Nc6 7.O-O Be7 8.a3 a5
9.d3 O-O 10.Be3 Be6 11.Rc1 Nd5 12.Nxd5 Bxd5 13.Qa4 Bf6 14.Rfd1 Nd4 15.Bxd4 exd4
16.Nd2 Bxg2 17.Kxg2 c6 18.Ne4 Be7 19.Qc4 Qd7 20.Rc2 Rfd8 21.Nd2 Qd5+ 22.Qxd5 Rxd5
23.Nc4 Ra6 24.Rdc1 f5 25.f4 a4 26.Ne5 c5 27.h3 Re6 28.Kf2 g5 29.Rg1 Kf8 30.Rcc1 Rh6
31.Kg2 gxf4 32.gxf4 Re6 33.Kf2 Bf6 34.Nf3 b5 35.Ng5 Re7 36.Rc2 h6 37.Nf3 Kf7
38.Rcc1 Rc7 39.Nd2 Rd6 40.Rc2 Bh4+ 41.Kf1 Rdc6 42.e4 dxe3 43.Nf3 Bf6 44.Rcg2 c4
45.Ke2 cxd3+ 46.Kxd3 Rc4 47.Ne5+ Bxe5 48.fxe5 Ke6 49.Rg6+ Kxe5 50.Kxe3 Rh4
51.Rb6 Rxh3+ 52.Kd2 Rh2+ 53.Kd3 Rxb2 54.Re1+ Kd5 55.Rf1 Rb3+ 56.Kd2 Kc5 57.Rxh6 Rxa3
58.Rc1+ Kb4 59.Rxc7 Rb3 60.Rb6 a3 61.Rc1 f4 62.Rf6 f3 63.Rf4+ Ka5 64.Rc8 b4
65.Rb8 Rb2+ 66.Kc1 f2 67.Rf3 Re2 68.Rbf8 a2 69.Ra8+ Kb6 70.Ra4 Kb5 71.Ra8 Re1+
72.Kb2 f1=Q 73.Rxf1 Rxf1 74.Kxa2 Rf2+ 75.Kb3  1/2-1/2

[Event "4th Rethymno Open"]
[Site "Rethymno GRE"]
[Date "2012.07.11"]
[Round "6.2"]
[White "Shyam,SM"]
[Black "Svetushkin,D"]
[Result "1/2-1/2"]
[WhiteElo "2486"]
[BlackElo "2592"]

1.c4 e5 2.g3 Nf6 3.Bg2 Nc6 4.Nc3 Bc5 5.Nf3 d6 6.d3 O-O 7.O-O a6 8.a3 h6 9.b4 Ba7
10.Bb2 Bf5 11.Nh4 Bd7 12.Rc1 Qc8 13.e3 Bh3 14.Nd5 Nxd5 15.Bxh3 Qxh3 16.cxd5 Ne7
17.d4 e4 18.Qc2 Qd7 19.Qxe4 g5 20.Ng2 Bb6 21.Qd3 f5 22.e4 fxe4 23.Qxe4 Qf5
24.Qxf5 Nxf5 25.Ne3 Rae8 26.Rfe1 Re7 27.Nc4 Rxe1+ 28.Rxe1 Bxd4 29.Bxd4 Nxd4
30.Re7 Rf7 31.Re8+ Rf8 32.Re7 Rf7 33.Re8+ Kg7 34.Kg2 Nf5 35.Ne3 Nxe3+ 36.fxe3 Rf5
37.Re7+ Rf7 38.Re8 Rf8 39.Rxf8 Kxf8 40.Kf3 Kf7 41.Ke4 Kf6 42.g4 c5 43.bxc5 dxc5
44.a4 b5 45.axb5 axb5 46.Kd3 Ke5 47.e4  1/2-1/2

[Event "ch-SUI Hauptturnier 1 2012"]
[Site "Flims SUI"]
[Date "2012.07.12"]
[Round "1"]
[White "Deubelbeiss,R"]
[Black "Alvir,A"]
[Result "0-1"]
[WhiteElo "2015"]
[BlackElo "2367"]

1.c4 e5 2.g3 Nf6 3.Bg2 d5 4.cxd5 Nxd5 5.d3 Nc6 6.Nf3 Be7 7.O-O O-O 8.a3 a5
9.Nbd2 Re8 10.Nc4 Bf8 11.e4 Nf6 12.b3 Bg4 13.h3 Bxf3 14.Bxf3 Qd7 15.g4 h6
16.Ra2 Nh7 17.Bg2 Bc5 18.Ne3 Bxe3 19.Bxe3 Rad8 20.Rd2 g5 21.Qb1 Nf8 22.Rc1 Ne6
23.Rc4 Ncd4 24.b4 b5 25.Rc3 a4 26.Kh2 Qe7 27.Qd1 Rd6 28.Rb2 Red8 29.Qc1 c6
30.h4 Nf4 31.Bxd4 exd4  0-1

[Event "87th ch-Paris IdF Open"]
[Site "Paris FRA"]
[Date "2012.07.12"]
[Round "6.14"]
[White "Chabanon,JL"]
[Black "Van Dongen,P"]
[Result "1/2-1/2"]
[WhiteElo "2481"]
[BlackElo "2324"]

1.c4 e5 2.g3 Nc6 3.Bg2 g6 4.Nc3 Bg7 5.Rb1 Nf6 6.b4 a6 7.d3 O-O 8.e4 Nd4 9.Nce2 Nxe2
10.Nxe2 c6 11.f4 exf4 12.Nxf4 d5 13.cxd5 cxd5 14.e5 Re8 15.d4 Bf5 16.Rb3 Be4
17.O-O Bxg2 18.Kxg2 Ne4 19.Rbf3 Ng5 20.Nxd5 Nxf3 21.Qxf3 Kh8 22.h4 Rc8 23.Bg5 Rc2+
24.Kg1 Qc8 25.Rf2 Rxf2 26.Qxf2 Qg4 27.Nf6 Qd1+ 28.Kg2 Rc8 29.Ne4 Rc2 30.Bd2 Bh6
31.Bg5 Bg7 32.Nf6 Qg4 33.Kg1 Bxf6 34.Bxf6+ Kg8 35.Qe3 Rc8 36.Qh6 Qd1+ 37.Kg2 Rc2+
38.Kh3 Qf1+  1/2-1/2

[Event "119th ch-SCO 2012"]
[Site "Glasgow SCO"]
[Date "2012.07.13"]
[Round "7.4"]
[White "De Verdier,M"]
[Black "Sengupta,D"]
[Result "1/2-1/2"]
[WhiteElo "2352"]
[BlackElo "2548"]

1.c4 e5 2.g3 Nf6 3.Bg2 d5 4.cxd5 Nxd5 5.Nf3 Nc6 6.O-O Be7 7.d4 exd4 8.Nxd4 Nxd4
9.Qxd4 Nf6 10.Qxd8+ Bxd8 11.Bf4 O-O 12.Nc3 c6 13.b4 Bg4 14.h3 Be6 15.a4 Rc8
16.Rfc1 Bb6 17.b5 cxb5 18.Nxb5 Rxc1+ 19.Rxc1  1/2-1/2

[Event "Int Open ch-SVK 2012"]
[Site "Banska Stiavnica SVK"]
[Date "2012.07.14"]
[Round "8.23"]
[White "Plachetka,J"]
[Black "Sosovicka,J"]
[Result "1-0"]
[WhiteElo "2371"]
[BlackElo "2097"]

1.c4 e5 2.g3 Nf6 3.Bg2 d5 4.cxd5 Nxd5 5.Nc3 Nb6 6.Nf3 Nc6 7.O-O Be7 8.a3 O-O
9.b4 Be6 10.Rb1 f6 11.d3 Nd4 12.Bb2 Nxf3+ 13.Bxf3 Nd5 14.Na4 b5 15.Nc5 Bxc5
16.bxc5 c6 17.d4 exd4 18.Qxd4 Qc7 19.e4 Ne7 20.Qd6 Qxd6 21.cxd6 Ng6 22.Bg2 Ne5
23.Bxe5 fxe5 24.f4 Bc4 25.Rf2 Rfe8 26.fxe5 Rxe5 27.Rf5 Re6 28.e5 Bd3 29.Bxc6 Bxf5
30.Bxa8 Rxe5 31.Rc1 a5 32.Bc6 Kf7 33.Rd1 Re3 34.d7 Bxd7 35.Rxd7+ Kf6 36.Bxb5 Rxa3
37.Kf2 h5 38.Rd6+ Kf7 39.Bc4+ Ke7 40.Re6+ Kf8 41.Be2 Kf7 42.Ra6 g6 43.h4 Kg7
44.Rd6 Ra4 45.Bd3 Rg4 46.Ra6 a4 47.Bc2 a3 48.Rxa3 g5 49.hxg5 Rxg5 50.Ra4 Rc5
51.Bd1 Kg6 52.Be2 Kg5 53.Kg2 Re5 54.Bf3 Rc5 55.Kh3 Rf5 56.Bxh5  1-0

[Event "35th Taminco Open"]
[Site "Ghent BEL"]
[Date "2012.07.14"]
[Round "2.7"]
[White "Van Hoecke,Luc"]
[Black "Klenburg,M"]
[Result "1/2-1/2"]
[WhiteElo "1934"]
[BlackElo "2370"]

1.c4 e5 2.g3 d6 3.Bg2 g6 4.d4 Nd7 5.e4 Bg7 6.Ne2 Ngf6 7.Nbc3 O-O 8.O-O c6
9.Qc2 exd4 10.Nxd4 Re8 11.Rd1 Qb6 12.Na4 Qc7 13.Bf4 Ne5 14.h3 b6 15.b3 Bb7
16.Rd2 a6 17.Rad1 Rac8 18.Ne2 b5 19.Nb2 Bf8 20.Be3 c5 21.cxb5 axb5 22.Nc3 Qa5
23.a4 bxa4 24.bxa4 Ba6 25.Bg5 Nfd7 26.Nd5 c4 27.Qc3 Qxc3 28.Nxc3 f6 29.Be3 Nc5
30.Rxd6 Bxd6 31.Rxd6 Ned7 32.Bf1 Re6 33.Nxc4 Rxd6 34.Nxd6 Ra8 35.Ndb5 Bb7
36.Nd6 Bc6 37.Bb5 Bxb5 38.axb5 Ra1+ 39.Kg2 Nd3 40.Kh2 Ne1  1/2-1/2

[Event "35th Taminco Open"]
[Site "Ghent BEL"]
[Date "2012.07.14"]
[Round "2.6"]
[White "Docx,S"]
[Black "Davey,Mar"]
[Result "1-0"]
[WhiteElo "2383"]
[BlackElo "2000"]

1.c4 e5 2.g3 c5 3.Bg2 Nc6 4.Nc3 d6 5.Nf3 g6 6.O-O Bg7 7.a3 Nge7 8.b4 O-O
9.Rb1 Bf5 10.d3 Qd7 11.Qa4 Rfb8 12.Ng5 a6 13.bxc5 dxc5 14.Be3 b6 15.Nd5 b5
16.Nxe7+ Nxe7 17.Bxa8 Rxa8 18.cxb5 Nd5 19.Qc4 axb5 20.Rxb5 h6 21.Ne4 Nxe3
22.fxe3 Be6 23.Qxc5 Rc8 24.Qb6 Bh3 25.Re1 Qg4 26.Rc5 Rxc5 27.Qxc5 Qd7 28.Rb1 f5
29.Rb8+ Kh7 30.Nf2 f4 31.Nxh3 Qxh3 32.Qc8 Qxc8 33.Rxc8  1-0